Sports Quiz

Random Sports or Football Quiz
Score 0/12 Timer 03:00
0 Plays Today
Game Player(s) % Correct
2009 BCS Championship GameTim Tebow & Carlos Dunlap
97.9%
2006 Rose BowlVince Young & Michael Huff
96.6%
2005 Orange BowlMatt Leinart
93.7%
2002 Rose BowlKen Dorsey & Andre Johnson
84.8%
2007 BCS Championship GameChris Leak & Derrick Harvey
83.7%
2003 Fiesta BowlCraig Krenzel & Mike Doss
64%
2000 Sugar BowlPeter Warrick
61.2%
2008 BCS Championship GameMatt Flynn & Ricky Jean-Francois
55.1%
2010 BCS Championship GameMark Ingram & Marcel Dareus
41.5%
1999 Fiesta BowlPeerless Price & Dwayne Goodrich
38.6%
2004 Sugar BowlJustin Vincent
17.8%
2001 Orange BowlTorrance Marshall
9.2%
Remove Ads.
Support Sporcle.
Get the best of Sporcle when you Go Orange. This ad-free experience offers more features, more stats, and more fun while also helping to support Sporcle. Thank you for becoming a member.

You're not logged in!

Compare scores with friends on all Sporcle quizzes.
OR
Log In

Show Comments

Extras

Top Quizzes Today


Score Distribution

Your Account Isn't Verified!

In order to create a playlist on Sporcle, you need to verify the email address you used during registration. Go to your Sporcle Settings to finish the process.

Report this User

Report this user for behavior that violates our Community Guidelines.

Details: